States That Border Canada Quiz Stats

 Plays Quiz Updated Nov 5, 2018

Challenge
Share
Tweet
Embed
Score 0/13 Timer 02:00
11 Plays Today
% Correct
Michigan
92.5%
Washington
92%
Maine
90.9%
Montana
90.7%
North Dakota
90.5%
Minnesota
89%
Alaska
86.4%
New York
85.8%
Vermont
81.9%
Idaho
77.4%
New Hampshire
75.9%
Pennsylvania
47.6%
Ohio
44.9%

You're not logged in!

Compare scores with friends on all Sporcle quizzes.
OR
Log In

You Might Also Like...

Show Comments

Extras

Top Quizzes Today


Score Distribution

Your Account Isn't Verified!

In order to create a playlist on Sporcle, you need to verify the email address you used during registration. Go to your Sporcle Settings to finish the process.

Report this User

Report this user for behavior that violates our Community Guidelines.

Details: